| 000 | 02010cam a22002174a 4500 | ||
|---|---|---|---|
| 005 | 20250605164022.0 | ||
| 008 | 250528s ||||||||||||||||||||||||d | ||
| 035 | _a16396 | ||
| 020 | _a471110612 | ||
| 040 |
_aGR-AtMCL _bgre _dGR-AtMCL _eAACR2 |
||
| 245 | 1 | _aComputing in the Information Age / Second Edition | |
| 260 |
_bJohn Wiley And Sons, Inc, _c1996 |
||
| 300 | _a510 | ||
| 505 | 0 | _aIntroduction: The Basics, The Basics of Computing: Hardware and Software and Connectivity and People, From Micros to Mammoths, Using Productivity Tools, Hardware Advances the Information Age, Computer Processing, Input and Output: From Applications to Hardware, Secondary Storage Devices, Software Drives the Information Age, Application Packages: Beyond Basic Productivity Tools, Developing Custom Software, Systems Software, Connectivity Unites the Information Age, Connectivity and Networks and the Information Superhighway, People Power Makes the World a Better Place, Systems Analysis and Design, Database Management Information Systems, Social Issues in Computing, Appendix, An Overview of the History of Computing, Glossary, Index. | |
| 520 | _aIntroduction: The Basics, The Basics of Computing: Hardware and Software and Connectivity and People, From Micros to Mammoths, Using Productivity Tools, Hardware Advances the Information Age, Computer Processing, Input and Output: From Applications to Hardware, Secondary Storage Devices, Software Drives the Information Age, Application Packages: Beyond Basic Productivity Tools, Developing Custom Software, Systems Software, Connectivity Unites the Information Age, Connectivity and Networks and the Information Superhighway, People Power Makes the World a Better Place, Systems Analysis and Design, Database Management Information Systems, Social Issues in Computing, Appendix, An Overview of the History of Computing, Glossary, Index. | ||
| 700 | 1 |
_aStern Nancy _91155 |
|
| 700 | 1 |
_aStern Robert _91156 |
|
| 942 | _cBK | ||
| 999 |
_c1901 _d1901 |
||